滋賀県の市町村 (2000年) - Statistics

General Stats
  • This quiz has been taken 82 times
    69 since last reset
  • The average score is 40 of 50
Answers on the Map
Answers color-coded by a green-red scale on the quiz's map according to % correct below.
 
Answer Stats
ヒント 市町村名 % Correct
大津市おおつし
100%
彦根市ひこねし
100%
長浜市ながはまし
100%
草津市くさつし
100%
野洲郡 野洲町やすちょう
100%
近江八幡市おうみはちまんし
97%
八日市市ようかいちし
97%
守山市もりやまし
97%
坂田郡 近江町おうみちょう
97%
高島郡 高島町たかしまちょう
97%
栗太郡 栗東町りっとうちょう
94%
坂田郡 米原町まいはらちょう
94%
甲賀郡 甲賀町こうかちょう
91%
甲賀郡 信楽町しがらきちょう
91%
蒲生郡 日野町ひのちょう
91%
高島郡 マキノちょう
91%
甲賀郡 水口町みなくちちょう
89%
東浅井郡 虎姫町とらひめちょう
89%
蒲生郡 竜王町りゅうおうちょう
86%
神崎郡 能登川町のとがわちょう
86%
愛知郡 愛知川町えちがわちょう
86%
犬上郡 豊郷町とよさとちょう
86%
犬上郡 甲良町こうらちょう
86%
犬上郡 多賀町たがちょう
86%
坂田郡 伊吹町いぶきちょう
86%
高島郡 今津町いまづちょう
86%
高島郡 朽木村くつきむら
83%
甲賀郡 甲南町こうなんちょう
80%
東浅井郡 浅井町あざいちょう
80%
伊香郡 西浅井町にしあざいちょう
80%
滋賀郡 志賀町しがちょう
77%
甲賀郡 甲西町こうせいちょう
77%
蒲生郡 安土町あづちちょう
77%
伊香郡 余呉町よごちょう
77%
東浅井郡 びわちょう
74%
高島郡 安曇川町あどがわちょう
74%
愛知郡 秦荘町はたしょうちょう
69%
伊香郡 高月町たかつきちょう
69%
甲賀郡 土山町つちやまちょう
66%
高島郡 新旭町しんあさひちょう
66%
東浅井郡 湖北町こほくちょう
63%
蒲生郡 蒲生町がもうちょう
60%
伊香郡 木之本町きのもとちょう
60%
神崎郡 永源寺町えいげんじちょう
57%
坂田郡 山東町さんとうちょう
57%
甲賀郡 石部町いしべちょう
54%
野洲郡 中主町ちゅうずちょう
51%
神崎郡 五個荘町ごかしょうちょう
51%
愛知郡 湖東町ことうちょう
49%
愛知郡 愛東町あいとうちょう
46%
No matching quizzes found
Score Distribution
Percent of People with Each Score
Percentile by Number Answered
Your Score History
You have not taken this quiz since the last reset